| 000 | 01170nam a22003017a 4500 | ||
|---|---|---|---|
| 005 | 20240530110437.0 | ||
| 008 | 150326s2011 su g 000 0 ara d | ||
| 017 |
_a1431/8972 _bالسعودية . مكتبة الملك فهد |
||
| 020 | _a1044503603978 | ||
| 020 | _a9786035030441 | ||
| 040 | _aEG-CaGPL | ||
| 082 | 0 | 4 |
_221 _a658.314\ _bم إ |
| 245 | 0 | 0 |
_aاستبقاء افضل موظفيك / _bمجموعة مؤلفين ؛ نقله الى العربية ايهم الصباغ |
| 250 | _aالاولى | ||
| 260 |
_aالرياض : _bالعبيكان للنشر ، _c2011 . |
||
| 300 |
_a192 ص ؛ _c22 سم |
||
| 490 | 0 | _aسلسلة القيادى الناجح : دليل اغتنام الوقت | |
| 650 | 0 | 4 | _aالموظفون |
| 650 | 0 | 4 | _aالتنمية البشرية |
| 650 | 0 | 4 |
_aالموظفون والمستخدمون _xتنظيم وادارة |
| 650 | 0 | 4 |
_aالموظفون _xالتمثيل فى الادارة |
| 650 | 0 | 4 |
_aالموظفون _xاختيار |
| 650 | 0 | 4 | _aتقييم الوظاف |
| 700 | 0 | _aمجموعة مؤلفين | |
| 700 | 0 | _aايهم الصباغ | |
| 942 |
_2ddc _cBK |
||
| 999 |
_c60975 _d60975 |
||